UNECE standard on marketing and commercial quality control of whole dried chilli peppers explanatory brochure (Record no. 60773)

MARC details
000 -LEADER
fixed length control field 00982nam a2200229 a 4500
003 - CONTROL NUMBER IDENTIFIER
control field CBULib
005 - DATE AND TIME OF LATEST TRANSACTION
control field 20240719141829.0
008 - FIXED-LENGTH DATA ELEMENTS--GENERAL INFORMATION
fixed length control field 151127s2013 ||||||||||||||||| || u
040 ## - CATALOGING SOURCE
Original cataloging agency CBULib
Language of cataloging English
Transcribing agency CBULib
Modifying agency CBULib
Description conventions rda
050 ## - LIBRARY OF CONGRESS CALL NUMBER
Classification number UNECE(02)2013/7
110 ## - MAIN ENTRY--CORPORATE NAME
Corporate name or jurisdiction name as entry element United Nations Economic Commission for Europe (UNECE)
245 10 - TITLE STATEMENT
Title UNECE standard on marketing and commercial quality control of whole dried chilli peppers explanatory brochure
Statement of responsibility, etc United Nations Economic Commission for Europe [UNECE]
260 ## - PUBLICATION, DISTRIBUTION, ETC. (IMPRINT)
Place of publication, distribution, etc Geneva:
Name of publisher, distributor, etc United Nations Economic Commission for Europe (UNECE)
Date of publication, distribution, etc 2013
300 ## - PHYSICAL DESCRIPTION
Extent iii, 62pages.: illustrations
336 ## - CONTENT TYPE
Source rdacontent
Content type term Text |
Content type code txt
337 ## - MEDIA TYPE
Source rdamedia
Media type term Unmediated |
Media type code n
338 ## - CARRIER TYPE
Source rdacarrier
Carrier type term Volume
Carrier type code nc
650 #0 - SUBJECT ADDED ENTRY--TOPICAL TERM
Topical term or geographic name as entry element CHILLI PEPPERS--STANDARDS--EUROPE
9 (RLIN) 3142
650 #0 - SUBJECT ADDED ENTRY--TOPICAL TERM
Topical term or geographic name as entry element VEGETABLE TRADE--STANDARDS--EUROPE
9 (RLIN) 3147
Topical term following geographic name as entry element VEGETABLE TRADE--STANDARDS--EUROPE
942 ## - ADDED ENTRY ELEMENTS (KOHA)
Source of classification or shelving scheme
Koha item type INTERNATIONAL PUBLICATIONS
Holdings
Withdrawn status Lost status Source of classification or shelving scheme Damaged status Not for loan Collection code Permanent Location Current Location Shelving location Date acquired Source of acquisition Full call number Barcode Date last seen Price effective from Koha item type
          Special Collections CBU-MAIN LIBRARY, KITWE. CBU-MAIN LIBRARY, KITWE. Special Collections 11/30/2022 DEP-UNECE UNECE(02)2013/7 B2055 11/30/2022 11/30/2022 MONOGRAPH